Nigāristān-i Āzād / (Record no. 330653)
[ view plain ]
| 000 -LEADER | |
|---|---|
| fixed length control field | 02127cam a2200409 a 4500 |
| 001 - CONTROL NUMBER | |
| control field | 16117620 |
| 003 - CONTROL NUMBER IDENTIFIER | |
| control field | NUST |
| 005 - DATE AND TIME OF LATEST TRANSACTION | |
| control field | 20170727134116.0 |
| 008 - FIXED-LENGTH DATA ELEMENTS--GENERAL INFORMATION | |
| fixed length control field | 100303s2010 pk 000 0durd |
| 010 ## - LIBRARY OF CONGRESS CONTROL NUMBER | |
| LC control number | 2010341475 |
| 020 ## - INTERNATIONAL STANDARD BOOK NUMBER | |
| International Standard Book Number | 9789695680315 |
| 025 ## - OVERSEAS ACQUISITION NUMBER | |
| Overseas acquisition number | P-U-2010341475; 14 |
| 037 ## - SOURCE OF ACQUISITION | |
| Source of stock number/acquisition | Library of Congress -- Islamabad Overseas Office |
| Terms of availability | Rs 350 |
| 040 ## - CATALOGING SOURCE | |
| Original cataloging agency | DLC |
| Transcribing agency | DLC |
| Modifying agency | DLC |
| 042 ## - AUTHENTICATION CODE | |
| Authentication code | lcode |
| -- | pcc |
| 050 00 - LIBRARY OF CONGRESS CALL NUMBER | |
| Classification number | PK2199.A914 |
| Item number | A6 2010 |
| 066 ## - CHARACTER SETS PRESENT | |
| Alternate G0 or G1 character set | (3 |
| -- | (4 |
| 082 ## - DEWEY DECIMAL CLASSIFICATION NUMBER | |
| Classification number | 809.8 |
| Author Mark | AZA |
| 100 1# - MAIN ENTRY--PERSONAL NAME | |
| Linkage | 880-01 |
| Personal name | Āzād, Muḥammad Ḥusain, |
| Dates associated with a name | approximately 1834-1910. |
| 9 (RLIN) | 3614 |
| 240 10 - UNIFORM TITLE | |
| Uniform title | Works. |
| Form subheading | Selections. |
| Date of a work | 2010 |
| 245 10 - TITLE STATEMENT | |
| Linkage | 880-02 |
| Title | Nigāristān-i Āzād / |
| Statement of responsibility, etc. | Muḥammad Ḥusain Āzād ; taʻāruf va intik̲h̲āb, Aslam Farruk̲h̲ī. |
| 246 1# - VARYING FORM OF TITLE | |
| Display text | Title on t.p. verso: |
| Title proper/short title | Nigaristan-e-Azad : |
| Remainder of title | Muhammad Hussain Azad |
| 260 ## - PUBLICATION, DISTRIBUTION, ETC. | |
| Linkage | 880-03 |
| Place of publication, distribution, etc. | Karāchī : |
| Name of publisher, distributor, etc. | Shahrzād, |
| Date of publication, distribution, etc. | 2010. |
| 300 ## - PHYSICAL DESCRIPTION | |
| Extent | 388 p. ; |
| Dimensions | 22 cm. |
| 500 ## - GENERAL NOTE | |
| Linkage | 880-04 |
| General note | "Muḥammad Ḥussain Āzād kī numāʼindah taḥrīron̲ kā intik̲h̲āb"--Cover. |
| 520 ## - SUMMARY, ETC. | |
| Summary, etc. | Selected writings and critical study of Muḥammad Ḥussain Āzād, ca. 1834-1910, an eminent Urdu writer. |
| 546 ## - LANGUAGE NOTE | |
| Language note | In Urdu. |
| 600 10 - SUBJECT ADDED ENTRY--PERSONAL NAME | |
| Linkage | 880-05 |
| Personal name | Āzād, Muḥammad Ḥusain, |
| Dates associated with a name | approximately 1834-1910 |
| General subdivision | Criticism and interpretation. |
| 9 (RLIN) | 3615 |
| 700 1# - ADDED ENTRY--PERSONAL NAME | |
| Linkage | 880-06 |
| Personal name | Farruk̲h̲ī, Aslam, |
| Dates associated with a name | 1924-2016. |
| 9 (RLIN) | 3616 |
| 880 1# - ALTERNATE GRAPHIC REPRESENTATION | |
| Linkage | 100-01/(3/r |
| Title | آزاد، محمّد حسين، |
| d | approximately 1834-1910. |
| 880 10 - ALTERNATE GRAPHIC REPRESENTATION | |
| Linkage | 245-02/(3/r |
| Title | نگارستان آزاد / |
| c | محمّد حسّين آزاد ؛ تعارف و انتخاب، اسلم فرّخى. |
| 880 ## - ALTERNATE GRAPHIC REPRESENTATION | |
| Linkage | 260-03/(4/r |
| Title | کراچى : |
| b | شهرزاد، |
| c | 2010. |
| 880 ## - ALTERNATE GRAPHIC REPRESENTATION | |
| Linkage | 500-04/(3/r |
| Title | "محمّد حسّين آزاد کى نمائنده تحريروں کا انتخاب"--Cover. |
| 880 14 - ALTERNATE GRAPHIC REPRESENTATION | |
| Linkage | 600-05/(3/r |
| Title | آزاد، محمّد حسين، |
| d | ca. 1834-1910 |
| x | Criticism and interpretation. |
| 880 1# - ALTERNATE GRAPHIC REPRESENTATION | |
| Linkage | 700-06/(3/r |
| Title | فرّخى، اسلم، |
| d | 1924-2016. |
| 906 ## - LOCAL DATA ELEMENT F, LDF (RLIN) | |
| a | 7 |
| b | cbc |
| c | origode |
| d | 3 |
| e | ncip |
| f | 20 |
| g | y-nonroman |
| 942 ## - ADDED ENTRY ELEMENTS (KOHA) | |
| Source of classification or shelving scheme | |
| Koha item type | Book |
| Withdrawn status | Lost status | Source of classification or shelving scheme | Damaged status | Not for loan | Permanent Location | Current Location | Shelving location | Date acquired | Total Checkouts | Full call number | Barcode | Date last seen | Date last checked out | Copy number | Price effective from | Koha item type |
|---|---|---|---|---|---|---|---|---|---|---|---|---|---|---|---|---|
| Central Library (CL) | Central Library (CL) | Fiction | 07/27/2017 | 1 | 891.4398 AZA | CL1807 | 08/27/2019 | 08/27/2019 | 1 | 07/27/2017 | Book |
